غزوة مؤته / (رقم التسجيلة. 34969)

تفاصيل مارك
000 -LEADER
fixed length control field 00630nam a22002057a 4500
005 - DATE AND TIME OF LATEST TRANSACTION
control field 20251108165926.0
008 - FIXED-LENGTH DATA ELEMENTS--GENERAL INFORMATION
fixed length control field 250721s2000 xx 000 0 ara d
082 14 - DEWEY DECIMAL CLASSIFICATION NUMBER
Classification number ط/219.2/حسن
100 1# - MAIN ENTRY--PERSONAL NAME
Personal name شوقي، حسن
245 10 - TITLE STATEMENT
Title غزوة مؤته /
264 1# - PRODUCTION, PUBLICATION, DISTRIBUTION, MANUFACTURE, AND COPYRIGHT NOTICE
Place of production, publication, distribution, manufacture القاهرة :
Name of producer, publisher, distributor, manufacturer المركز العربي الحديث،
Date of production, publication, distribution, manufacture, or copyright notice 2000.
300 ## - PHYSICAL DESCRIPTION
Extent 31ص
490 0# - SERIES STATEMENT
Series statement من غزوات الرسول
650 17 - SUBJECT ADDED ENTRY--TOPICAL TERM
Topical term or geographic name as entry element السيرة النبوية
650 17 - SUBJECT ADDED ENTRY--TOPICAL TERM
Topical term or geographic name as entry element الغزوات الإسلامية
650 17 - SUBJECT ADDED ENTRY--TOPICAL TERM
Topical term or geographic name as entry element غزوة مؤته
653 ## - INDEX TERM--UNCONTROLLED
Uncontrolled term اطفال مرحله متوسطه (6-9) سنوات
942 ## - ADDED ENTRY ELEMENTS (KOHA)
Source of classification or shelving scheme Dewey Decimal Classification
Koha item type كتب
المقتنيات
حالة السحب حالة الفقدان مصدر التصنيف حالة التلف غير قابل للإعارة المكتبة الرئيسية المكتبة الحالية موقع الرف تاريخ التزويد الرقم المتسلسل Total Checkouts رقم الإستدعاء الباركود تاريخ آخر ظهور تاريخ الفاتورة نوع المادة (كوها)
    Dewey Decimal Classification     مكتبة البشائر للأطفال مكتبة البشائر للأطفال الإعارة 28/07/2025 333808   ط/219.2/حسن 333808 28/07/2025 28/07/2025 كتب
    Dewey Decimal Classification     مكتبة قتيبة للأطفال مكتبة قتيبة للأطفال الأطفال 07/11/2017 1666364   ط/219.2/حسن PLD00409730 28/07/2025 07/11/2017 كتب
    Dewey Decimal Classification     مكتبة الحسن العامة مكتبة الحسن العامة الأطفال 01/03/2019 333813   ط/219.2/حسن PLD00446263 28/07/2025 01/03/2019 كتب
    Dewey Decimal Classification     مكتبة الحسن العامة مكتبة الحسن العامة الأطفال 01/03/2019 333823.   ط/219.2/حسن PLD00446264 28/07/2025 01/03/2019 كتب
    Dewey Decimal Classification     مكتبة وادي السير العامة مكتبة وادي السير العامة الأطفال 18/03/2009 333817   ط/219.2/حسن PLD00079244 28/07/2025 18/03/2009 كتب
Implemented & Customized by: BBB with SCIT (Smart Chains for Information Technology)

Powered by Koha